000
00217 a2200097 4500
001
56995
100
_a
245
_a
Disney learning our world
260
_a
India
_b
Sterling Pub
_c
2007
090
_c
34922
_d
34922
942
_a
NUST-CAE
_c
MONOGRAPH
_c
27694
999
_c
292068
_d
292068